[Event "Tan Lian Ann cup"]
[Site "Tianjin CHN"]
[Date "2001.07.30"]
[Round "16"]
[White "Ning Chunhong"]
[Black "Li Haoyu"]
[Result "1-0"]
[WhiteElo "2341"]
[BlackElo "2314"]

1.e4 c5 2.Nf3 Nc6 3.Bb5 g6 4.O-O Bg7 5.Re1 e5 6.c3 Nge7 7.d3 O-O 8.Be3 d6
9.d4 cxd4 10.cxd4 a6 11.Be2 exd4 12.Nxd4 Nxd4 13.Bxd4 Be6 14.Nc3 Rc8 15.Bxg7 Kxg7
16.Qd4+ Kg8 17.Rad1 Rc6 18.Bf3 Qc8 19.Qf6 Re8 20.Nd5 Bxd5 21.exd5 Rc7 22.Qxd6 Rd7
23.Qe5 Red8 24.Bg4  1-0

[Event "1st Asean Open"]
[Site "Bandar Seri Begawan BRU"]
[Date "2001.07.31"]
[Round "3"]
[White "Siregar,N"]
[Black "Suradiradja,H"]
[Result "1/2-1/2"]
[WhiteElo "2293"]
[BlackElo "2285"]

1.e4 c5 2.Nf3 Nc6 3.Bb5 Nf6 4.Nc3 Nd4 5.e5 Nxb5 6.Nxb5 Nd5 7.Ng5 h6 8.Ne4 a6
9.Nbc3 Nxc3 10.dxc3 Qc7 11.Bf4 b6 12.Nd6+ exd6 13.exd6 Qc6 14.Qe2+ Kd8 15.O-O-O Bxd6
16.Bxd6 Re8 17.Qd2 Re6 18.f3 Re8  1/2-1/2

[Event "Open"]
[Site "Korinthos GRE"]
[Date "2001.07.31"]
[Round "4"]
[White "Svetushkin,D"]
[Black "Stoumbos,K"]
[Result "1-0"]
[WhiteElo "2461"]
[BlackElo "2217"]

1.e4 c5 2.Nf3 Nc6 3.Bb5 e6 4.Bxc6 bxc6 5.b3 Ne7 6.Bb2 Ng6 7.h4 h5 8.e5 Be7
9.Nc3 f6 10.Ne4 Kf7 11.d3 Qc7 12.Qe2 a5 13.a4 Rb8 14.O-O Nxe5 15.Bxe5 fxe5
16.Neg5+ Bxg5 17.Nxe5+ Ke8 18.hxg5 d6 19.Ng6 Rh7 20.Qe4 Rb4 21.c4 Qf7 22.Ne5  1-0

[Event "Open"]
[Site "Willemstad, Curacao AHO"]
[Date "2001.08.01"]
[Round "7"]
[White "Fierro Baquero,M"]
[Black "Gallegos,Ca"]
[Result "0-1"]
[WhiteElo "2282"]
[BlackElo "2403"]

1.e4 c5 2.Nf3 Nc6 3.Bb5 g6 4.O-O Bg7 5.Re1 Nf6 6.e5 Nd5 7.Nc3 Nc7 8.Bxc6 dxc6
9.Ne4 Ne6 10.d3 O-O 11.Be3 b6 12.Qd2 Nd4 13.Nxd4 cxd4 14.Bh6 c5 15.h4 Bb7
16.h5 Qd5 17.Bxg7 Kxg7 18.Qg5 Rae8 19.f4 h6 20.Qg3 Qe6 21.Qh4 Bc8 22.a4 Qg4
23.Qxg4 Bxg4 24.hxg6 fxg6 25.a5 Rxf4 26.axb6 axb6 27.Ra7 Rf7 28.Rb7 Bf5 29.Nd2 Be6
30.Rxb6 Bd5 31.Rb5 Ref8 32.Rxc5 Bxg2 33.Kxg2 Rf2+ 34.Kg1 Rxd2 35.Rf1 Rxf1+
36.Kxf1 Kh7 37.b4 h5 38.b5 h4 39.b6 Rd1+ 40.Ke2 Rb1 41.Kf3 Kg8 42.e6 Kf8
43.Ke4 Rxb6 44.Kxd4 Rb1 45.Ke4 Rf1 46.d4 h3 47.Rc6 Kg7 48.Rc3 g5  0-1

[Event "Open"]
[Site "Olomouc CZE"]
[Date "2001.08.02"]
[Round "1"]
[White "Sosna,J"]
[Black "Knoefel,M"]
[Result "1-0"]
[WhiteElo "2411"]
[BlackElo "2134"]

1.e4 c5 2.Nf3 Nc6 3.Bb5 d6 4.O-O Bd7 5.c3 g6 6.d4 Bg7 7.dxc5 dxc5 8.Re1 Qc7
9.a4 Rd8 10.Qe2 Nf6 11.e5 Nd5 12.Na3 O-O 13.Qc4 Na5 14.Qxd5 Be6 15.Qe4 Nb3
16.Qh4 Nxa1 17.Bh6 Rd5 18.Bc4 Rfd8 19.Bxd5 Rxd5 20.Bxg7 Qd7 21.Qh6  1-0

[Event "ch-IRI"]
[Site "Tehran IRI"]
[Date "2001.08.02"]
[Round "3"]
[White "Honari,K"]
[Black "Shaarbaf,M"]
[Result "0-1"]
[WhiteElo "2298"]
[BlackElo "2227"]

1.e4 c5 2.Nf3 Nc6 3.Bb5 g6 4.O-O Bg7 5.Re1 Nf6 6.Nc3 O-O 7.Bf1 d5 8.d3 dxe4
9.Nxe4 Nxe4 10.Rxe4 Bf5 11.Re1 c4 12.Nh4 Be6 13.c3 cxd3 14.Qxd3 Qb6 15.Qe3 Qc7
16.Qg3 Be5 17.f4 Bf6 18.Nf3 Rad8 19.Be3 Na5 20.Nd4 Bc4 21.Nb5 Bxb5 22.Bxb5 a6
23.Bf1 Nc4 24.Bxc4 Qxc4 25.Qf3 Qb5 26.Qe2 Rd3 27.a4 Qc4 28.Rad1 Rfd8 29.Rxd3 Rxd3
30.Qf2 Qd5 31.g3 e6 32.Qg2 Qb3 33.a5 Bd8 34.Bd4 Bxa5 35.Qe2 Rxd4 36.cxd4 Bxe1
37.Qxe1 Qxb2 38.Qe5 Qb5 39.Qb8+ Kg7 40.Qd6 a5 41.g4 h6 42.h4 Qd5 43.Qb6 a4
44.Qb4 Qb3 45.Qd6 Qg3+ 46.Kf1 Qxg4 47.Qe5+ Kh7 48.Qc7 Qf5 49.Qxb7 Qxf4+ 50.Ke2 a3
51.Qa7 a2 52.Kd3 Qf5+  0-1

[Event "Slavonija"]
[Site "Vinkovci CRO"]
[Date "2001.08.03"]
[Round "2"]
[White "Jusic,Z"]
[Black "Bertok,M"]
[Result "1-0"]
[WhiteElo "2426"]
[BlackElo "2297"]

1.e4 c5 2.Nf3 Nc6 3.Bb5 g6 4.Bxc6 dxc6 5.h3 Nf6 6.Qe2 Bg7 7.d3 O-O 8.a4 Ne8
9.Nbd2 Nc7 10.Nc4 Ne6 11.c3 b5 12.axb5 cxb5 13.Na5 Qc7 14.O-O Bd7 15.Rd1 b4
16.cxb4 cxb4 17.d4 Rab8 18.Be3 Rb5 19.Rdc1 Qd8 20.Nc6 Bxc6 21.Rxc6 Rb7 22.d5 Qd7
23.Rca6 Nc7 24.Rxa7 Nb5 25.Rxb7 Qxb7 26.Rc1 Nd6 27.Bc5 Rc8 28.e5 Bh6 29.exd6 exd6
30.Be3 Rxc1+ 31.Bxc1 Bxc1 32.Qe8+ Kg7 33.Qc6  1-0

[Event "Ladies"]
[Site "Hasselbacken SWE"]
[Date "2001.08.04"]
[Round "8"]
[White "Pavlovskaia,E"]
[Black "Johansson,V"]
[Result "1/2-1/2"]
[WhiteElo "2184"]
[BlackElo "2191"]

1.e4 c5 2.Nf3 Nc6 3.Bb5 d6 4.c3 Bd7 5.O-O Nf6 6.Re1 a6 7.Bf1 e5 8.d4 cxd4
9.cxd4 Bg4 10.d5 Nd4 11.Nc3 Be7 12.Be3 Nxf3+ 13.gxf3 Bd7 14.a4 O-O 15.Qb3 Bc8
16.a5 Nd7 17.Bg2 Bg5 18.Ne2 g6 19.Qa3 Be7 20.Kh1 h5 21.Rac1 h4 22.b4 Bg5
23.Rc4 Kg7 24.Rec1 h3 25.Bf1 Bxe3 26.Qxe3 Qh4 27.f4 exf4 28.Nxf4 Ne5 29.Rc7 Bg4
30.Qg3 Bf3+ 31.Kg1 Bxe4 32.Bxh3 Qxg3+ 33.fxg3 Kh6 34.Bg2 Bf5 35.Rxb7 g5 36.Ne2 Nd3
37.Rf1 Bg6 38.Rf6 Rae8 39.Nd4 Re1+ 40.Bf1 Ne5 41.Rxd6 Rd1 42.Nb3 Re8 43.Rxa6 Kh5
44.Rf6 Ng4 45.Rf3 Ree1 46.a6 Ne3 47.Rxe3 Rxf1+ 48.Kg2 Rg1+ 49.Kf2 Rgf1+  1/2-1/2

[Event "Valoz Cup"]
[Site "Olomouc CZE"]
[Date "2001.08.04"]
[Round "4"]
[White "Simacek,P"]
[Black "Calzetta,M"]
[Result "0-1"]
[WhiteElo "2404"]
[BlackElo "2308"]

1.e4 c5 2.Nf3 Nc6 3.Bb5 g6 4.O-O Nf6 5.Re1 Bg7 6.h3 O-O 7.e5 Nd5 8.Nc3 Nc7
9.Bxc6 dxc6 10.d3 b6 11.Be3 Ne6 12.Ne2 a5 13.Qd2 Re8 14.Bh6 Bh8 15.Nf4 Nd4
16.Nxd4 cxd4 17.e6 f6 18.Re4 f5 19.Nxg6 Bf6 20.Rh4 hxg6 21.Bg5 Bg7 22.Re1 Qd5
23.Qe2 c5 24.f3 b5 25.g4 Ra6 26.gxf5 Qxf5 27.Qg2 Rxe6 28.Rf1 Re2 29.Qg3 Rxc2
30.Bh6 Be5 31.f4 Bf6 32.Rg4 Kf7 33.Rg5 Qxh3 34.Rxg6 Qxg3+  0-1

[Event "Open"]
[Site "Korinthos GRE"]
[Date "2001.08.05"]
[Round "9"]
[White "Svetushkin,D"]
[Black "Byklum,B"]
[Result "0-1"]
[WhiteElo "2461"]
[BlackElo "2135"]

1.e4 c5 2.Nf3 Nc6 3.Bb5 e6 4.Bxc6 bxc6 5.b3 d5 6.Qe2 Be7 7.d3 Nf6 8.O-O O-O
9.c4 Nd7 10.Re1 Bf6 11.Bb2 a5 12.Bxf6 Qxf6 13.e5 Qe7 14.Nc3 Nb6 15.Qb2 Bd7
16.Rab1 Rfb8 17.Qc2 Be8 18.Ne2 Ra7 19.Nf4 Nd7 20.a4 Rab7 21.h4 Nf8 22.g3 Rb4
23.Rb2 Qb7 24.Reb1 Qe7 25.Qd2 f5 26.exf6 gxf6 27.Qe1 Qd6 28.Ng2 Bg6 29.Nf4 Bf7
30.Qe2 e5 31.Ng2 Bh5 32.Ne3 Ne6 33.Nf5 Qc7 34.Qe3 Bg6 35.Nh6+ Kg7 36.Ng4 h5
37.Ngxe5 fxe5 38.Nxe5 Re8 39.Re1 Nd4 40.Kg2 Qxe5 41.Qxe5+ Rxe5 42.Rxe5 Bxd3
43.cxd5 cxd5 44.f3 c4 45.Rxd5 c3 46.Ra2 c2 47.Rxc2 Bxc2 48.Rxa5 Bxb3 49.Rxh5 Bxa4
50.Ra5 Bc6 51.g4 Bxf3+ 52.Kg3 Bb7 53.h5 Rb3+ 54.Kh4 Nf3+ 55.Kg3 Ne5+ 56.Kf4 Nf7
57.Rc5  0-1

[Event "Nordic Championships"]
[Site "Bergen NOR"]
[Date "2001.08.06"]
[Round "3"]
[White "Hansen,Vi"]
[Black "Sorensen,H"]
[Result "0-1"]
[WhiteElo "2086"]
[BlackElo "2245"]

1.e4 c5 2.Nf3 Nc6 3.Bb5 d6 4.O-O e5 5.c3 Bg4 6.d4 cxd4 7.cxd4 Bxf3 8.Qxf3 exd4
9.e5 Qb6 10.exd6 Qxb5 11.Re1+ Ne5 12.Na3 O-O-O 13.Qf5+ Qd7 14.Qxe5 Bxd6 15.Qa5 Ne7
16.Nb5 Nc6 17.Nxa7+ Kb8 18.Nxc6+ Qxc6 19.Bd2 Rhe8 20.Qf5 g6 21.Qd3 Qd5 22.a4 f5
23.Bg5 Rc8 24.Bf6 Be5 25.Bxe5+ Rxe5 26.Red1 Rd8 27.Rac1 Qe4 28.Qc4 Re7 29.h3 d3
30.Qc3 Qd5 31.b4 Qd6 32.b5 Re2 33.Qa5 Qd4 34.Qc7+ Ka8 35.Qg3 d2 36.Ra1 Rde8
37.Qb3 Re1+ 38.Kh2 Qxa1 39.Rxa1 Rxa1 40.Qf7 Rd8  0-1

[Event "Stork YM"]
[Site "Hengelo NED"]
[Date "2001.08.08"]
[Round "6"]
[White "Kritz,L"]
[Black "Berkvens,J"]
[Result "0-1"]
[WhiteElo "2423"]
[BlackElo "2444"]

1.e4 c5 2.Nf3 Nc6 3.Bb5 g6 4.Bxc6 bxc6 5.O-O Bg7 6.Re1 f6 7.c3 Nh6 8.d4 cxd4
9.cxd4 O-O 10.Nc3 d6 11.h3 Nf7 12.Be3 Rb8 13.Qd2 Bb7 14.Rad1 Qc7 15.Rc1 Ba8
16.Bf4 e5 17.Be3 Rbd8 18.dxe5 fxe5 19.Ng5 Qe7 20.Nxf7 Qxf7 21.b3 h5 22.Na4 Kh7
23.Rc2 Bf6 24.Bg5 Bxg5 25.Qxg5 Qf4 26.Qe7+ Qf7 27.Qg5 Qf4 28.Qe7+ Qf7 29.Qxf7+ Rxf7
30.Rd2 Kg7 31.Red1 d5 32.Nc5 Kf6 33.h4 Ke7 34.Nd3 Kd6 35.f4 exf4 36.e5+ Ke7
37.Rf2 g5 38.hxg5 Rg8 39.Nxf4 Rxg5 40.Rdf1 Rfg7 41.e6 c5 42.Nh3 Rg3 43.Rf7+ Kxe6
44.R1f6+ Ke5 45.Rf5+ Ke4 46.R7f6 Rxh3  0-1

[Event "Strange Badger"]
[Site "Bucharest ROM"]
[Date "2001.08.09"]
[Round "5"]
[White "Glodeanu,I"]
[Black "Gheng,J"]
[Result "1/2-1/2"]
[WhiteElo "2275"]
[BlackElo "2319"]

1.e4 c5 2.Nf3 Nc6 3.Bb5 g6 4.O-O Bg7 5.c3 e5 6.Na3 Nge7 7.Nc2 O-O 8.d4 cxd4
9.cxd4 exd4 10.Ncxd4 d5  1/2-1/2

[Event "7th Stage Russian Cup"]
[Site "Togliatty RUS"]
[Date "2001.08.09"]
[Round "2"]
[White "Ovetchkin,R"]
[Black "Nachev,S"]
[Result "1/2-1/2"]
[WhiteElo "2511"]
[BlackElo "2401"]

1.e4 c5 2.Nf3 Nc6 3.Bb5 e6 4.O-O Nge7 5.Re1 Nd4 6.Nxd4 cxd4 7.c4 g6 8.d3 Bg7
9.Nd2 O-O 10.e5 d6 11.exd6 Qxd6 12.Ne4 Qd8 13.Bd2 h6 14.Qf3 f5 15.Nc5 Qb6
16.b4 e5 17.Bd7 Nc6 18.Bxc8 Rfxc8 19.Ne6 Bf6 20.c5 Qa6 21.Qd5 Kh7 22.Qd7+ Ne7
23.b5 Qa3 24.Rad1 Qxa2 25.f4 Qd5 26.Qxd5 Nxd5 27.fxe5 Be7 28.Rc1 a6 29.c6 bxc6
30.bxc6 Nb4 31.Bxb4 Bxb4 32.Re2 Bc3 33.Kf1 a5 34.Ra2 a4  1/2-1/2

[Event "7th Stage Russian Cup"]
[Site "Togliatty RUS"]
[Date "2001.08.09"]
[Round "2"]
[White "Mikheev,S"]
[Black "Alekseev,E"]
[Result "1/2-1/2"]
[WhiteElo "2310"]
[BlackElo "2544"]

1.e4 c5 2.Nf3 Nc6 3.Bb5 g6 4.O-O Bg7 5.c3 Nf6 6.Re1 O-O 7.d4 cxd4 8.cxd4 d5
9.e5 Ne4 10.Nc3 Nxc3 11.bxc3 Bg4 12.h3 Bxf3 13.Qxf3 Qa5 14.Bxc6 bxc6 15.h4 e6
16.Bg5 h5 17.Re3 Qa4 18.Qf4 Qc2 19.Rf3 Rae8 20.Re1 Qxa2 21.g4 hxg4 22.Qxg4 Rb8
23.Ree3 Qa1+ 24.Kh2 Qf1 25.Rg3 Rb2 26.Ref3 Rb1 27.Rg2 Qh1+ 28.Kg3 Rg1 29.Rxg1 Qxg1+
30.Kf4 Qxg4+ 31.Kxg4 Rb8 32.h5 gxh5+ 33.Kxh5 Rb1 34.Be7 Rh1+ 35.Kg4 Bf8 36.Bd6 Rg1+
37.Kh3 Rg6 38.c4 dxc4 39.Rc3 Rg1 40.Rxc4 Rd1 41.Rxc6 Rd3+ 42.Kg2 Bxd6 43.Rxd6 a5
44.Kf1 a4 45.Ke2 Rb3 46.Ra6 a3 47.f4 Kg7 48.f5 exf5 49.d5 Rb5 50.Rxa3 Rxd5
51.Re3 Kf8 52.e6 f6 53.Kf3 Re5 54.Kf4 Rxe3 55.Kxe3 Ke7 56.Kf3 Kd6 57.Ke3 Kxe6  1/2-1/2

[Event "FSGM August"]
[Site "Budapest HUN"]
[Date "2001.08.10"]
[Round "7"]
[White "Breder,D"]
[Black "Dembo,Y"]
[Result "1/2-1/2"]
[WhiteElo "2411"]
[BlackElo "2391"]

1.e4 c5 2.Nf3 Nc6 3.Bb5 g6 4.O-O Bg7 5.c3 Nf6 6.Re1 O-O 7.d4 d5 8.e5 Ne4
9.Bxc6 bxc6 10.Nbd2 cxd4 11.cxd4 Bf5 12.Nb3 a5 13.Be3 f6 14.Qc1 a4 15.Nc5 Nxc5
16.Qxc5 Qd7 17.Rac1 Rac8 18.Rc3 Bg4 19.exf6 exf6 20.Bf4 Rfe8 21.Rxe8+ Qxe8
22.Re3 Qd7 23.Qc2 g5 24.Bg3 Qf5 25.Qxa4 Qb1+ 26.Re1 Qxb2 27.Qa6 Qb5 28.Qa7 c5
29.dxc5 Bxf3 30.gxf3 Bf8 31.Bd6 g4 32.Bxf8 Rxf8 33.Qb6 Qd7 34.Qd6 Qxd6 35.cxd6 Rd8
36.fxg4 Rxd6 37.Kg2 Ra6 38.Re2 Ra3 39.f3 Kg7 40.Kg3 Kg6 41.Rd2 Ra5 42.Kf4 Ra4+
43.Kg3 Ra5 44.Kh4 Ra4 45.Kh3 Ra3 46.Kg2 Ra5 47.Kg3 Ra4 48.h4 Ra5 49.h5+ Kf7
50.Rb2 h6 51.Kf4 Ke6 52.Re2+ Kf7 53.Rb2 Ke6 54.Rb6+ Kf7 55.Rc6 d4 56.Rc7+ Ke6
57.Ke4 Rxa2 58.Kxd4 Ra4+ 59.Ke3 f5 60.Rc6+ Kd5 61.Rg6 fxg4 62.fxg4 Ke5 63.Kf3 Ra3+
64.Kg2 Kf4 65.Kh2 Rb3 66.Rg7 Ra3 67.Rg6 Rb3  1/2-1/2

[Event "US Open"]
[Site "Framingham USA"]
[Date "2001.08.10"]
[Round "7"]
[White "Friedman,J"]
[Black "Paschall,W"]
[Result "1-0"]
[WhiteElo "2118"]
[BlackElo "2390"]

1.e4 c5 2.Nf3 Nc6 3.Bb5 d6 4.Bxc6+ bxc6 5.O-O e5 6.c3 f5 7.exf5 Nf6 8.Re1 Be7
9.d4 e4 10.dxc5 Bxf5 11.Nd4 Bd7 12.cxd6 Bxd6 13.Bg5 O-O 14.Nd2 Qc7 15.h3 Bh2+
16.Kh1 Bf4 17.Bxf6 Rxf6 18.Nxe4 Rh6 19.Qd3 Rf8 20.Nc5 Bg4 21.Nde6 Qf7 22.Nxf8 Bd6
23.Nfe6 Qxf2 24.Rf1 Bxh3 25.Rxf2 Bf5+  1-0

[Event "Slavonija Swiss"]
[Site "Vukovar CRO"]
[Date "2001.08.10"]
[Round "10"]
[White "Ozanic,M"]
[Black "Njirjak,J"]
[Result "1/2-1/2"]
[WhiteElo "2305"]
[BlackElo "2353"]

1.e4 c5 2.Nf3 Nc6 3.Bb5 Na5 4.b3 a6 5.Be2 e6 6.O-O b5 7.a4 b4 8.d3 Nf6 9.Bg5 Be7
10.Re1 O-O 11.Nbd2 Bb7 12.Rf1 h6  1/2-1/2

[Event "Strange Badger"]
[Site "Bucharest ROM"]
[Date "2001.08.11"]
[Round "7"]
[White "Tikhomirov,S"]
[Black "Jianu,V"]
[Result "1/2-1/2"]
[WhiteElo "2364"]
[BlackElo "2402"]

1.e4 c5 2.Nf3 Nc6 3.Bb5 g6 4.O-O Bg7 5.Re1 Nf6 6.c3 O-O 7.Na3 a6 8.Bf1 b5
9.Nc2 c4 10.d3 cxd3 11.Qxd3 d5 12.exd5 Bf5 13.Qd1 Qxd5 14.Qxd5 Nxd5 15.Ne3 Nxe3
16.Bxe3 b4 17.Nd4 Nxd4 18.Bxd4 bxc3 19.Bxg7 Kxg7 20.bxc3  1/2-1/2

[Event "Strange Badger"]
[Site "Bucharest ROM"]
[Date "2001.08.11"]
[Round "7"]
[White "Glodeanu,I"]
[Black "Manescu,T"]
[Result "1/2-1/2"]
[WhiteElo "2275"]
[BlackElo "2113"]

1.e4 c5 2.Nf3 Nc6 3.Bb5 g6 4.O-O Bg7 5.Re1 e5 6.Bxc6 dxc6 7.h3 f6 8.d3 Nh6
9.Nc3 Nf7 10.Be3 b6  1/2-1/2

[Event "I American Continental"]
[Site "Cali COL"]
[Date "2001.08.11"]
[Round "2"]
[White "Vescovi,G"]
[Black "Pazos Gambarrotti,P"]
[Result "1-0"]
[WhiteElo "2581"]
[BlackElo "2375"]

1.e4 c5 2.Nf3 Nc6 3.Bb5 d6 4.O-O Bd7 5.Re1 e6 6.c3 a6 7.Bf1 e5 8.h3 g6 9.d4 Bg7
10.dxc5 dxc5 11.Nbd2 Nge7 12.Nc4 O-O 13.a4 Be6 14.Be3 b6 15.Qxd8 Rfxd8 16.Nxb6 Rab8
17.Bxc5 Nc8 18.Nxc8 Bxc8 19.b4  1-0

[Event "I American Continental"]
[Site "Cali COL"]
[Date "2001.08.11"]
[Round "2"]
[White "Morovic Fernandez,I"]
[Black "Gamboa,N"]
[Result "1-0"]
[WhiteElo "2565"]
[BlackElo "2354"]

1.e4 c5 2.Nf3 Nc6 3.Bb5 d6 4.Bxc6+ bxc6 5.O-O e5 6.c3 Bg4 7.h3 Bh5 8.Re1 f6
9.d4 cxd4 10.cxd4 exd4 11.g4 Bf7 12.Nxd4 Qd7 13.Bf4 h5 14.Nc3 hxg4 15.hxg4 Nh6
16.f3 Be7 17.b4 Rf8 18.Rc1 Rd8 19.b5 cxb5 20.Ndxb5 Rc8  1-0

[Event "It"]
[Site "Nikolaev UKR"]
[Date "2001.08.11"]
[Round "11"]
[White "Zavgorodniy,S"]
[Black "Olenin,N"]
[Result "0-1"]
[WhiteElo "2453"]
[BlackElo "2386"]

1.e4 c5 2.Nf3 Nc6 3.Bb5 g6 4.O-O Bg7 5.Re1 e5 6.Bxc6 dxc6 7.h3 g5 8.d3 g4
9.hxg4 Bxg4 10.Nbd2 Ne7 11.Nf1 Ng6 12.N1h2 h5 13.Bg5 Bf6 14.Be3 Bxf3 15.Qxf3 b6
16.Qh3 Qd7 17.Qf5 Qxf5 18.exf5 Nh4 19.Bf4 Kd7 20.Bxe5 Bxe5 21.Rxe5 Rae8 22.Re4 Nxf5
23.Nf3 Nd6 24.Ra4 a5 25.Kf1 c4 26.dxc4 c5 27.Ra3 Nxc4 28.Rd3+ Kc6 29.b3 Ne5
30.Nxe5+ Rxe5 31.Rad1 Rh6 32.Rd7 Rf6 33.c4 Re4 34.Rd8 h4 35.a4 Re3 36.R1d3 Rxd3
37.Rxd3 Rf4 38.Kg1 Kc7 39.Kf1 Kc6 40.Ke2 Rg4 41.Rf3 Rxg2 42.Rf6+ Kc7 43.Rxf7+ Kd6
44.Rf6+ Kc7 45.Kf3 Rg1 46.Rh6 Rb1 47.Rxh4 Rxb3+ 48.Ke4 Rc3 49.Ke5 Rf3 50.Rf4 Ra3
51.Rf7+ Kc6 52.Rf6+ Kb7 53.f4 Rxa4 54.Kd5 Ra1 55.Rf7+ Ka6 56.f5 a4 57.Kc6  0-1

[Event "7th Stage Russian Cup"]
[Site "Togliatty RUS"]
[Date "2001.08.11"]
[Round "4"]
[White "Alavkin,A"]
[Black "Bocharov,D"]
[Result "1/2-1/2"]
[WhiteElo "2466"]
[BlackElo "2385"]

1.e4 c5 2.Nf3 Nc6 3.Bb5 e6 4.O-O Nge7 5.Re1 a6 6.Bxc6 Nxc6 7.d4 cxd4 8.Nxd4 Qc7
9.Nc3 Bd6 10.Nxc6 dxc6 11.f4 Bxf4 12.Bxf4 Qxf4 13.e5 O-O 14.Qd6 b6 15.Rad1 Ra7
16.Rd4 Qf5 17.Qxc6 Qxc2 18.Re2 Qc1+ 19.Rd1 Qf4 20.Qxb6 Rd7 21.Rxd7 Bxd7 22.Qf2 Qc4
23.Rd2 Bb5 24.a4 Bc6 25.Qb6 Qf4 26.Rf2 Qc4 27.Rd2 Qf4 28.Rf2 Qc4  1/2-1/2

[Event "Magistral BCX"]
[Site "Brasilia BRA"]
[Date "2001.08.12"]
[Round "9"]
[White "Crosa,M"]
[Black "Limp,E"]
[Result "1/2-1/2"]
[WhiteElo "2289"]
[BlackElo "2418"]

1.e4 c5 2.Nf3 Nc6 3.Bb5 e6 4.Bxc6 bxc6 5.b3 f6 6.O-O Ne7 7.c3 Ng6 8.d4 d5
9.exd5 cxd5 10.Re1 cxd4 11.Nxd4 e5 12.c4 dxc4 13.bxc4 Bd7 14.Nc3 Bb4 15.Qb3 Qa5
16.Bd2 O-O 17.Nc2 Bxc3 18.Bxc3 Qa4 19.Nb4 Rfc8 20.Rac1 Nf4 21.Bd2 Ne6 22.Qg3 Kh8
23.h4 Rab8 24.Qc3 Bb5 25.Qb3 Qxb3 26.axb3 Be8 27.Ra1 Nd4 28.Reb1 Rb7 29.Ra3 h5
30.Rba1 Bg6 31.Rxa7 Rxa7 32.Rxa7 Nxb3 33.Be3 Rxc4 34.Nd5 Rxh4 35.Ra8+ Kh7
36.Ra7 Kh8 37.Ra8+ Kh7 38.Ra7 Kh8 39.Ra8+  1/2-1/2

[Event "I American Continental"]
[Site "Cali COL"]
[Date "2001.08.12"]
[Round "3"]
[White "Leitao,R"]
[Black "Mieles Palau,D"]
[Result "1-0"]
[WhiteElo "2571"]
[BlackElo "2452"]

1.e4 c5 2.Nf3 Nc6 3.Bb5 g6 4.Bxc6 dxc6 5.d3 Bg7 6.h3 Nf6 7.Nc3 O-O 8.Be3 b6
9.Qd2 Re8 10.Bh6 Bh8 11.O-O Nd7 12.Rae1 e5 13.Nh2 Nf8 14.f4 exf4 15.Qxf4 Be6
16.Nf3 Nd7 17.Qg3 Ne5 18.Nxe5 Qd4+ 19.Kh1 Bxe5 20.Bf4 Bg7 21.Bd6 Qb4 22.Rb1 Bf8
23.Bxf8 Rxf8 24.e5 Bd5 25.Rf4  1-0

[Event "Open"]
[Site "Presov SVK"]
[Date "2001.08.12"]
[Round "2"]
[White "Hasangatin,R"]
[Black "Furman,B"]
[Result "1-0"]
[WhiteElo "2482"]
[BlackElo "2279"]

1.e4 c5 2.Nf3 Nc6 3.Bb5 g6 4.O-O Bg7 5.Re1 Nf6 6.e5 Nd5 7.Nc3 Nc7 8.Bxc6 dxc6
9.Ne4 Ne6 10.d3 O-O 11.Be3 b6 12.Qd2 f6 13.exf6 exf6 14.Bh6 a5 15.Bxg7 Kxg7
16.Rad1 Ra7 17.Qc3 Nd4 18.Nxd4 Qxd4 19.Qxd4 cxd4 20.Nd6 Rd8 21.Nc4 b5 22.Nd2 Kf7
23.Ra1 a4 24.b4 Bf5 25.f3 h5 26.h3 h4 27.f4 c5 28.bxc5 Rc7 29.Nf3 Rxc5 30.Re2 Be6
31.a3 g5 32.fxg5 fxg5 33.Rb1 Bd5 34.Nxd4 Bb3 35.Nxb3 axb3 36.Rxb3 Rdc8 37.Rb2 Ra8
38.Ra2 Ra4 39.Kf1 Kf6 40.Ke1 Kf5 41.Kd2 Kf4 42.Re3 g4 43.hxg4 Kxg4 44.c3 Rf4
45.Re2 Kg3 46.d4 Rg5 47.Kd3 Kh2  1-0

[Event "ch-FRA Gp A"]
[Site "Marsailles FRA"]
[Date "2001.08.13"]
[Round "1"]
[White "Belkhodja,S"]
[Black "Degraeve,JM"]
[Result "0-1"]
[WhiteElo "2531"]
[BlackElo "2602"]

1.e4 c5 2.Nf3 Nc6 3.Bb5 e6 4.O-O Nge7 5.Re1 a6 6.Bxc6 Nxc6 7.d4 cxd4 8.Nxd4 Qc7
9.Nc3 Bd6 10.Nxc6 dxc6 11.Qh5 e5 12.Be3 b5 13.a4 Rb8 14.a5 O-O 15.Red1 Be6
16.Bb6 Qe7 17.Qe2 Bc5 18.Bxc5 Qxc5 19.Rd2 Qb4 20.Nd1 Rbd8 21.Rxd8 Rxd8 22.c3 Qc4
23.Qxc4 Bxc4 24.Ne3 Bb3 25.Ra3 Be6 26.Ra1 Bb3 27.Ra3 Bc2 28.f3 Rd2 29.b4 Ba4
30.Kf1 f6 31.h4 h5 32.Ke1 Rb2 33.Ra1 Kf7 34.Kf1 Bb3 35.Re1 Rd2 36.Rb1 Bc4+
37.Kg1 Rd3 38.Nxc4 bxc4 39.Rc1 Rd2 40.Kf1 Ke6 41.Re1 Rc2 42.Re3 g5 43.g3 Kd6
44.Ke1 Rg2 45.Re2 Rxg3 46.hxg5 fxg5 47.Rh2 h4 48.Kf2 c5 49.Rh1 cxb4 50.cxb4 Kc6
51.Rd1 Kb5 52.Rd6 Kxb4 53.Rxa6 c3 54.Rc6 g4 55.fxg4 Kxa5 56.g5 Kb5  0-1

[Event "ch-FRA High Pool"]
[Site "Marsailles FRA"]
[Date "2001.08.13"]
[Round "11"]
[White "Degraeve,JM"]
[Black "Bacrot,E"]
[Result "1/2-1/2"]
[WhiteElo "2602"]
[BlackElo "2653"]

1.e4 c5 2.Nf3 Nc6 3.Bb5 e6 4.O-O Nge7 5.c3 a6 6.Ba4 b5 7.Bc2 Bb7 8.Qe2 Ng6
9.d4 cxd4 10.cxd4 Nh4 11.Nbd2 Rc8 12.d5 Ne5 13.Nd4 Bd6 14.N2b3 Nc4  1/2-1/2

[Event "It"]
[Site "Montreal CAN"]
[Date "2001.08.13"]
[Round "11"]
[White "Turov,M"]
[Black "Goldenberg,D"]
[Result "1-0"]
[WhiteElo "2550"]
[BlackElo "2343"]

1.e4 c5 2.Nf3 Nc6 3.Bb5 g6 4.O-O Bg7 5.c3 Nf6 6.Re1 O-O 7.h3 d5 8.e5 Ne8
9.d4 cxd4 10.cxd4 Nc7 11.Bxc6 bxc6 12.Nc3 Ne6 13.Ng5 Nxg5 14.Bxg5 f6 15.Bf4 g5
16.exf6 gxf4 17.fxe7 Qe8 18.exf8=Q+ Qxf8 19.Qa4 Bb7 20.Re6 f3 21.Rae1 Qf7
22.Qd1 fxg2 23.Re7 Qf5 24.Qg4 Qxg4 25.hxg4 Ba6 26.R1e6 Bxd4 27.Nxd5 Rf8 28.Ne3 Bb5
29.b3 a5 30.Nf5 Bc5 31.Rg7+ Kh8 32.Rh6 Bxf2+ 33.Kxg2  1-0

[Event "7th Stage Russian Cup"]
[Site "Togliatty RUS"]
[Date "2001.08.13"]
[Round "6"]
[White "Alavkin,A"]
[Black "Kurnosov,I"]
[Result "0-1"]
[WhiteElo "2466"]
[BlackElo "2361"]

1.e4 c5 2.Nf3 Nc6 3.Bb5 e6 4.Bxc6 bxc6 5.O-O Ne7 6.d3 Ng6 7.Ng5 f6 8.Nh3 Be7
9.f4 O-O 10.Nd2 d6 11.Qe2 f5 12.Nf3 Bf6 13.Nf2 e5 14.g3 exf4 15.gxf4 fxe4
16.dxe4 Qb6 17.Rd1 Ba6 18.c4 d5 19.exd5 Rae8 20.Qc2 cxd5 21.Rxd5 Bb7 22.Ne4 Bxd5
23.cxd5 Bd4+ 24.Kh1 Qb7 25.Bd2 Qxd5 26.Re1 Re7 27.Nfg5 h6 28.Nf3 Rfe8 29.f5 Rxe4
30.Rxe4 Rxe4 31.fxg6 Rg4  0-1

[Event "I American Continental"]
[Site "Cali COL"]
[Date "2001.08.14"]
[Round "5"]
[White "Ruiz,P"]
[Black "Zepeda,S"]
[Result "1-0"]
[WhiteElo "2290"]
[BlackElo "2005"]

1.e4 c5 2.Nf3 Nc6 3.Bb5 e6 4.O-O Nge7 5.Re1 a6 6.Bf1 d5 7.exd5 Nxd5 8.d4 cxd4
9.Nxd4 Be7 10.Nxc6 bxc6 11.c4 Nf6 12.Qf3 Bb7 13.b3 O-O 14.Bb2 Qb6 15.Nc3 c5
16.Qh3 Bc6 17.Bd3 Rfd8 18.Rad1 Qb7 19.Nd5 Bxd5 20.Bxf6 Bxf6 21.Qxh7+ Kf8
22.cxd5 Qxd5 23.h4 Qd4 24.g3 Ke7 25.Qh5 Qc3 26.Bc4 Rd2 27.Qxc5+ Kd7 28.Bxe6+ fxe6
29.Qxc3  1-0

[Event "7th Stage Russian Cup"]
[Site "Togliatty RUS"]
[Date "2001.08.14"]
[Round "7"]
[White "Mikheev,S"]
[Black "Kovalevskaya,E"]
[Result "0-1"]
[WhiteElo "2310"]
[BlackElo "2507"]

1.e4 c5 2.Nf3 Nc6 3.Bb5 g6 4.O-O Bg7 5.c3 Nf6 6.Re1 O-O 7.d4 cxd4 8.cxd4 d5
9.e5 Ne8 10.h3 Nc7 11.Bf1 f6 12.exf6 Rxf6 13.Nc3 Rf8 14.Be3 Kh8 15.Rc1 Be6
16.Ne5 Bxe5 17.dxe5 d4 18.Bh6 dxc3 19.Bxf8 cxb2 20.Qxd8 bxc1=Q 21.Qxa8 Qb2
22.Re2 Qb6  0-1

[Event "TCh-ESP Div 2"]
[Site "Vila Real ESP"]
[Date "2001.08.14"]
[Round "2"]
[White "Herrero Sabartes,J"]
[Black "Basto Auzmendi,M"]
[Result "1-0"]
[WhiteElo "2325"]
[BlackElo "2116"]

1.e4 c5 2.Nf3 Nc6 3.Bb5 g6 4.O-O Bg7 5.Bxc6 dxc6 6.d3 Bg4 7.h3 Bxf3 8.Qxf3 Nf6
9.Nc3 O-O 10.Qe2 Ne8 11.f4 Nd6 12.f5 c4 13.g4 Qa5 14.Be3 Nb5 15.Nxb5 Qxb5
16.dxc4 Qxb2 17.Rab1 Qe5 18.Bf4 Qc5+ 19.Kg2 b6 20.Rfd1 Rad8 21.Bc7 Rd4 22.Rxd4 Bxd4
23.Bg3 Be5 24.Bxe5 Qxe5 25.Qd3 Kg7 26.c3 Kf6 27.Qd4 g5 28.Rd1 h5 29.gxh5 Rh8
30.Qxe5+ Kxe5 31.Rd7 Rxh5 32.Rxa7 Kxe4 33.Rxe7+ Kxf5 34.Rxf7+ Ke4 35.Re7+ Kd3  1-0

[Event "Strange Badger"]
[Site "Bucharest ROM"]
[Date "2001.08.15"]
[Round "11"]
[White "Manea,A"]
[Black "Murariu,A"]
[Result "1/2-1/2"]
[WhiteElo "2293"]
[BlackElo "2287"]

1.e4 c5 2.Nf3 Nc6 3.Bb5 g6 4.O-O Bg7 5.c3 Nf6 6.e5 Nd5 7.Bxc6 dxc6 8.d4 cxd4
9.Qxd4 Qb6 10.Qxb6 Nxb6  1/2-1/2

[Event "I American Continental"]
[Site "Cali COL"]
[Date "2001.08.15"]
[Round "6"]
[White "Vescovi,G"]
[Black "Szmetan,J"]
[Result "1-0"]
[WhiteElo "2581"]
[BlackElo "2406"]

1.e4 c5 2.Nf3 Nc6 3.Bb5 d6 4.O-O Bd7 5.Re1 a6 6.Bf1 Bg4 7.h3 Bh5 8.c3 Nf6
9.d3 e6 10.g4 Bg6 11.Nh4 Nd7 12.Ng2 h6 13.f4 Bh7 14.Nd2 Be7 15.Nf3 O-O 16.f5 Nde5
17.Be3 Rc8 18.Rc1 d5 19.Nxe5 Nxe5 20.Bf4 Nc6 21.Qf3 Bg5 22.exd5 Qxd5 23.Qxd5 exd5
24.Bxg5 hxg5 25.Ne3 d4 26.Nd5 Rfe8 27.cxd4 cxd4 28.Ne7+ Rxe7 29.Rxc6 bxc6
30.Rxe7 f6 31.Rd7 c5 32.Bg2 g6 33.Bd5+ Kh8 34.Be4 gxf5 35.Rxh7+  1-0